Statystyki dla Piłkarscy Bracia

Kliknij tutaj aby rozwiązać quiz!

Ogólne statystyki

  • Ten quiz został rozwiązany 118 razy
    (53 od ostatniego zresetowania)
  • Średni wynik to 7 z 11

Statystyki odpowiedzi

ImionaNazwisko% Poprawnych
Romelu i JordanLukaku
96%
Eden i ThorganHazard
94%
Kolo i YayaToure
94%
Jerome i Kevin-PrinceBoateng
88%
Granit i TaulantXhaka
77%
Lars i SvenBender
58%
Sofyan i NordinAmrabat
56%
Jordan i AndreAyew
46%
Paul i FlorentinPogba
46%
Frank i Ronaldde Boer
35%
Fabio i PaoloCannavaro
33%

Rozkład punktacji

Percentyl według liczby udzielonych odpowiedzi

Procent ludzi z każdym wynikiem

Twoja historia wyników

Nie rozwiązałeś tego quizu od ostatniego zresetowania